000 00740cam a22002293a 4500
001 22042
003 PGUSA
005 20140828083453.0
008 070710s2007||||xxu|||||s|||||000 | eng d
040 _aPGUSA
_beng
042 _adc
050 4 _aGT
100 1 _aDawson, W. F.
_q(William Francis)
245 1 0 _aChristmas :
_bIts Origin and Associations : Together with Its Historical Events and Festive Celebrations During Nineteen Centuries
_h[electronic resource] /
_cW. F. Dawson
260 _bProject Gutenberg,
_c2007
506 _aPublic domain in the USA.
516 _aElectronic text
653 _aChristmas -- History
830 0 _aProject Gutenberg
_v22042
856 4 0 _uhttp://www.gutenberg.org/ebooks/22042
942 _cEB
999 _c251297
_d251297